000 00541nam a2200169Ia 4500
008 090201s9999 xx 000 0 und d
010 _aKPL-35870
040 _bमराठी
041 _aमराठी
082 _a23556
_b35870
100 _aशरदिनी डहाणुकर
245 _aवृक्षगान
_cशरदिनी डहाणुकर
260 _c2004
_bश्रीविद्या प्रकाशन
300 _a95
_bमोठा
600 _aवृक्षगान
942 _cBOOK
999 _c223029
_d223029